Context, culture and worship : (Record no. 10031)

MARC details
000 -LEADER
fixed length control field 01047cam a2200313 a 4500
001 - CONTROL NUMBER
control field 14756600
003 - CONTROL NUMBER IDENTIFIER
control field GBCCL
005 - DATE AND TIME OF LATEST TRANSACTION
control field 20241126110723.0
008 - FIXED-LENGTH DATA ELEMENTS--GENERAL INFORMATION
fixed length control field 070303s2006 ii a b 001 0 eng
010 ## -
-- 2006454969
020 ## - INTERNATIONAL STANDARD BOOK NUMBER
International Standard Book Number 8172149379
025 ## - OVERSEAS ACQUISITION NUMBER
Overseas acquisition number I-E-2006-454969; 13; 05
037 ## - SOURCE OF ACQUISITION
Source of stock number/acquisition Library of Congress -- New Delhi Overseas Office
Terms of availability Rs225.00($14.00 U.S.)
040 ## - CATALOGING SOURCE
Original cataloging agency DLC
Transcribing agency DLC
Modifying agency DLC
042 ## -
-- lcode
043 ## -
-- a-ii---
050 00 -
-- BX1977.I47
-- C65 2006
082 ## - DEWEY DECIMAL CLASSIFICATION NUMBER
Classification number 261.8
Item number COL
100 1# - MAIN ENTRY--PERSONAL NAME
Personal name Collins, Paul M.
9 (RLIN) 17430
245 10 - TITLE STATEMENT
Title Context, culture and worship :
Remainder of title the quest for "Indian-ness" /
Statement of responsibility, etc. Paul M. Collins.
260 ## - PUBLICATION, DISTRIBUTION, ETC.
Place of publication, distribution, etc. Delhi :
Name of publisher, distributor, etc. ISPCK,
Date of publication, distribution, etc. 2006.
300 ## - PHYSICAL DESCRIPTION
Extent xviii, 341 p. :
Other physical details ill ;
Dimensions 23 cm.
504 ## - BIBLIOGRAPHY, ETC. NOTE
Bibliography, etc. note Includes bibliographical references (p. [313]-337) and index.
610 20 - SUBJECT ADDED ENTRY--CORPORATE NAME
Corporate name or jurisdiction name as entry element Catholic Church
Geographic subdivision India, South
General subdivision Liturgy.
9 (RLIN) 17431
650 #0 - SUBJECT ADDED ENTRY--TOPICAL TERM
Topical term or geographic name entry element Christianity and culture
Geographic subdivision India, South.
9 (RLIN) 17432
906 ## - LOCAL DATA ELEMENT F, LDF (RLIN)
a 7
b cbc
c origode
d 3
e ncip
f 20
g y-gencatlg
942 ## - ADDED ENTRY ELEMENTS (KOHA)
Source of classification or shelving scheme Dewey Decimal Classification
Koha item type Books
Holdings
Withdrawn status Lost status Source of classification or shelving scheme Damaged status Not for loan Home library Current Library Shelving location Date acquired Total checkouts Full call number Barcode Date last seen Copy number Price effective from Koha item type
    Dewey Decimal Classification     GRACE BIBLE COLLEGE GRACE BIBLE COLLEGE Ministry & Mission 2024-02-09   261.8 COL 016482 2025-05-01 c.1 2024-02-09 Books
    Dewey Decimal Classification     GRACE BIBLE COLLEGE GRACE BIBLE COLLEGE Ministry & Mission 2024-02-09   261.8 COL 016483 2025-05-01 c.2 2024-02-09 Books
© Grace Bible College Library 2025